Александр Сергеевич Пушкин. 1826-1837 (Запись № 1736038)

Подробности
000 -МАРКЕР
контрольное поле 02323nam0a2200385 4500
001 - ИДЕНТИФИКАТОР ЗАПИСИ
контрольное поле RU\NLR\bibl\1494917
005 - ИДЕНТИФИКАТОР ВЕРСИИ
контрольное поле 20260406115827.0
021 ## - НОМЕР ГОСУДАРСТВЕННОЙ РЕГИСТРАЦИИ
Код страны Российская Федерация
Номер 2010-11586
Номер Листа государственной регистраци 767
035 ## - ДРУГИЕ СИСТЕМНЫЕ НОМЕРА
Идентификатор записи (nilc)RSL-KNO-004584094
035 ## - ДРУГИЕ СИСТЕМНЫЕ НОМЕРА
Идентификатор записи (NLR Aleph) 001486430
100 ## - ДАННЫЕ ОБЩЕЙ ОБРАБОТКИ
Данные общей обработки 20100226d2009 |||y0rusy50 ca
101 0# - ЯЗЫК РЕСУРСА
Язык текста, звукозаписи и т.д. русский
102 ## - СТРАНА ПУБЛИКАЦИИ ИЛИ ПРОИЗВОДСТВА
Страна публикации Российская Федерация
105 ## - ПОЛЕ КОДИРОВАННЫХ ДАННЫХ: ТЕКСТОВЫЕ МАТЕРИАЛЫ, МОНОГРАФИЧЕСКИЕ
Кодированные данные о монографическом текстовом документе a zzzz|||||
200 1# - ЗАГЛАВИЕ И СВЕДЕНИЯ ОБ ОТВЕТСТВЕННОСТИ
Основное заглавие Александр Сергеевич Пушкин. 1826-1837
Сведения, относящиеся к заглавию по документам Остафьевского архива и личным воспоминаниям
Первые сведения об ответственности П.П. Вяземский
Последующие сведения об ответственности М-во культуры Российской Федерации, Гос. музей-усадьба "Остафьево" - "Русский Парнас"
210 ## - ПУБЛИКАЦИЯ, РАСПРОСТРАНЕНИЕ И ДР.
Место издания, распространения и т.д. Остафьево
Имя издателя, распространителя и т. д. Гос. музей-усадьба "Остафьево" - "Русский Парнас"
Дата издания, распространения и т.д. 2009
215 ## - ФИЗИЧЕСКАЯ ХАРАКТЕРИСТИКА
Специфическое обозначение материала и объем 103 с.
Другие сведения о физической характеристике ил., цв. ил., портр.
Размеры 20
225 1# - СЕРИЯ
Основное заглавие серии Хозяева и гости Остафьева
320 ## - ПРИМЕЧАНИЯ О НАЛИЧИИ В ДОКУМЕНТЕ БИБЛИОГРАФИИ / УКАЗАТЕЛЯ
Текст примечания Библиогр. в примеч.: с. 68-77
320 ## - ПРИМЕЧАНИЯ О НАЛИЧИИ В ДОКУМЕНТЕ БИБЛИОГРАФИИ / УКАЗАТЕЛЯ
Текст примечания Имен. указ.: с. 78-81
600 #1 - ИМЯ ЛИЦА КАК ПРЕДМЕТ
Начальный элемент ввода Пушкин
Часть имени, кроме начального элемента ввода А. С.
Даты 1799 - 1837
Расширение инициалов личного имени Александр Сергеевич
Тематический подзаголовок Биография
Системный номер авторитетной/нормативной записи 2086022
Идентификатор авторитетной/нормативной записи RU\NLR\auth\661262149
610 0# - НЕКОНТРОЛИРУЕМЫЕ ПРЕДМЕТНЫЕ ТЕРМИНЫ
Предметный термин Филологические науки. Художественная литература -- Россия -- Русская литература -- 1-я пол. 19 в. -- Персоналии писателей -- Пушкин Александр Сергеевич (1799-1837) - писатель -- Материалы для изучения биографии и творчества писателя -- Воспоминания и записки современников
686 ## - ИНДЕКСЫ ДРУГИХ КЛАССИФИКАЦИЙ
Индекс Ш5(2=Р)51-4Пушкин А.С.14,0
Код системы
686 ## - ИНДЕКСЫ ДРУГИХ КЛАССИФИКАЦИЙ
Индекс Ш5(2=Р)51-4Пушкин23
700 #1 - ИМЯ ЛИЦА - ПЕРВИЧНАЯ ОТВЕТСТВЕННОСТЬ
Начальный элемент ввода Вяземский
Часть имени, кроме начального элемента ввода П. П.
Даты 1820-1888
Расширение инициалов личного имени Павел Петрович
Код отношения Автор
702 #1 - ИМЯ ЛИЦА - ВТОРИЧНАЯ ОТВЕТСТВЕННОСТЬ
Код отношения Прочие
Графика поля Кириллица
Материалы, к которым относится поле rus
Начальный элемент ввода Пушкин
Часть имени, кроме начального элемента ввода А. С.
Дополнения к именам, кроме дат поэт
Даты 1799-1837
Расширение инициалов личного имени Александр Сергеевич
Системный номер авторитетной/нормативной записи 110441
Идентификатор авторитетной/нормативной записи RU\NLR\auth\77386
801 #0 - ИСТОЧНИК ЗАПИСИ
Страна Российская Федерация
Организация РГБ
Дата составления 20100226
Правила каталогизации rcr
801 #1 - ИСТОЧНИК ЗАПИСИ
Страна Российская Федерация
Организация РГБ
Дата составления 20100226
801 #2 - ИСТОЧНИК ЗАПИСИ
Страна Российская Федерация
Организация NLR
Дата составления 20100406
Правила каталогизации rcr
942 ## - ДОПОЛНИТЕЛЬНЫЕ ЭЛЕМЕНТЫ ЗАПИСИ (АБИС)
Тип экземпляра АБИС Книга
980 ## - КОЛЛЕКЦИЯ
Название коллекции Национальная библиография
980 ## - КОЛЛЕКЦИЯ
Название коллекции НБР
Экземпляры
Тип экземпляра Дата поступления Источник поступления Библиотека постоянного хранения Библиотека текущего хранения Место хранения Шифр хранения Штрих-код Статус экземпляра
Книга 06.04.2010 Обязательный экземпляр РНБ (Московский) РНБ (Московский) Русский книжный фонд: издания с 1957 года 2010-3/11116 1-1071828  
Книга 06.04.2010 Обязательный экземпляр РНБ (Московский) РНБ (Московский) Русский книжный фонд: издания с 1957 года 2010-3/11116 3142355